|
|
|
|
| LEADER |
00000nam a22000007a 4500 |
| 005 |
20130117165939.0 |
| 007 |
cr|||| |||| |
| 008 |
130117e2011 sp |||||s|||| 00||0 spa d |
| 020 |
|
|
|a 978-84-9961-042-9
|
| 035 |
|
|
|a 6929
|
| 040 |
|
|
|a vLex
|
| 090 |
|
|
|c 3531
|d 3531
|
| 100 |
1 |
0 |
|a Lidn̤ Heras, Leonor
|
| 245 |
1 |
3 |
|a La convencin̤ sobre los Derechos de las personas con discapacidad
|h [Recurso electrn̤ico]
|
| 256 |
|
|
|a Servicio en ln̕ea
|
| 260 |
|
|
|a Madrid :
|b Editorial Universitaria Ramn̤ Areces,
|c 2011
|
| 300 |
|
|
|a 1 Recurso electrn̤ico
|
| 650 |
0 |
4 |
|a Discapacidad
|
| 650 |
0 |
4 |
|a Exclusin̤ social
|
| 740 |
|
|
|a vLex Libros (Servicio en ln̕ea)
|
| 856 |
|
|
|a Acceso restringido
|u http://www.vlex.com/source/6929
|
| 942 |
|
|
|c BOOK
|
| 999 |
|
0 |
|a People with disabilities
|